| 000 | 01266nam a2200241Ia 4500 | ||
|---|---|---|---|
| 003 | Ost | ||
| 005 | 20260507075801.0 | ||
| 008 | 260507s9999||||xx |||||||||||||| ||und|| | ||
| 020 | _a9789947898109 | ||
| 040 | _cfsecg | ||
| 041 | _aara | ||
| 082 | _a657.95 | ||
| 100 |
_aشنوف، شعيب _eمؤلف |
||
| 245 | 0 |
_aمحاسبة المؤسسة طبقا للمعايير المحاسبية الدولية IAS/IFRS : _b الجزء الأول / _c شعيب شنوف |
|
| 260 |
_aالجزائر : _bمكتبة الشركة الجزائرية بوداود, |
||
| 300 |
_a278 صفحة؛ _bإيضاحات ؛ _c23 سم |
||
| 504 | _aبيبليوغرافيا: ص ص272-278 | ||
| 520 | _aيضم المحاسبة العامة بما فيها النظام المحاسبي المالي الجديد للمؤسسات ، النظم المحاسبية المقارنة، المعايير المحاسبية الدولية التي تحكم إعداد القوائم المالية ، التحليل المالي الحديث، أمثلة وتطبيقات حول النظام المحاسبي الجديد للمؤسسات. | ||
| 653 | _aالشركات- المحاسبة | ||
| 653 | _aالمحاسبة | ||
| 653 | _aالمحاسبة الدولية | ||
| 942 | _cكتاب | ||
| 999 |
_c46277 _d46277 |
||